01173nam a2200193Ia 4500001001100000003001000011008004100021040002500062041001300087100002000100245011200120250001100232260009000243300001100333500024900344501011400593520024900707650002300956L640-26840IT-CnALBA170116s9999||||xx |||||||||||||| ||und|| aIT-CnALBAcIT-CnALBA aITALIANO aPEROULAZ GIANNI 0aDOVE SI VA A MANGIARE OGGI? I RISTORANTI I PIATTI I VINI CONSIGLIATI DALL'ACCADEMIA ITALIANA DELLA CUCINA.  a1a ed. aMILANObSELEZIONE DAL READER'S DIGEST c1970 [1° Ed.:1970 - Ed.Ling.Originale: 1970] a96 p.  aPIATTI E VINI DELLE REGIONI D'ITALIA. VALLE D'AOSTA. PIEMONTE. LOMBARDIA ALTO ADIGE. TRENTINO. FRIULI VENEZIA GIULIA. LIGURIA. EMILIA ROMAGNA. TOSCANA. MARCHE UMBRIA. LAZIO ABBRUZZO MOLISE. CAMPANIA BASILICATA PUGLIA CALABRIA SICILIA SARDEGNA.  aSocietà San Paolo EM - Piazza San Paolo, 14 - 12051 ALBA (CN) (non commercial uses only) ® Copyright 2017 aPIATTI E VINI DELLE REGIONI D'ITALIA. VALLE D'AOSTA. PIEMONTE. LOMBARDIA ALTO ADIGE. TRENTINO. FRIULI VENEZIA GIULIA. LIGURIA. EMILIA ROMAGNA. TOSCANA. MARCHE UMBRIA. LAZIO ABBRUZZO MOLISE. CAMPANIA BASILICATA PUGLIA CALABRIA SICILIA SARDEGNA.  aECONOMIA DOMESTICA